Flags with hands #4 - Statistics

General Stats
  • This quiz has been taken 14 times
  • The average score is 17 of 22
Answer Stats
Picture Answer % Correct
Turkey
100%
Brazil
89%
Canada
89%
Malta
89%
Mexico
89%
Nepal
89%
North Korea
89%
Scotland
89%
South Korea
89%
Spain
89%
Bhutan
78%
Indonesia
78%
Luxembourg
78%
Papua New Guinea
78%
Sri Lanka
78%
Venezuela
78%
Djibouti
67%
Kuwait
67%
Nauru
67%
Maldives
56%
Senegal
56%
Cameroon
44%
No matching quizzes found
Score Distribution
Percent of People with Each Score
Percentile by Number Answered
Your Score History
You have not taken this quiz